| 000 | 01921cam a2200301 i 4500 | ||
|---|---|---|---|
| 003 | SA-RiAUC | ||
| 005 | 20250611102848.0 | ||
| 008 | 250605s1993 le g 000 0 ara c | ||
| 024 | 0 | _a00000000965275 | |
| 040 |
_aSA-RiIMS _bara _cSA-RiAUC _dAE-DuMBRL _erda |
||
| 050 | 4 | _b.T35 1993 | |
| 082 | 0 | 4 |
_a210.2 _qSA-RiAUC |
| 090 |
_a210.2 _b ت ل ي |
||
| 100 | 1 |
_aالتليدي، عبد الله بن عبد القادر بن أحمد، _d1926-2017 _eمؤلف. |
|
| 245 | 1 | 0 |
_aنصب الموائد لذكر الفتاوى والنوادر والفوائد / _cعبد الله التليدي. |
| 250 | _aالطبعة الأولى. | ||
| 264 | 1 |
_aبيروت : _bدار ابن حزم، _c1993. |
|
| 300 |
_a172 صفحة ؛ _c24 × 17 سم |
||
| 336 |
_aنص _btxt _2rdacontent _3كتاب |
||
| 337 |
_aبدون وسيط _bn _2rdamedia |
||
| 338 |
_aمجلد _bnc _2rdacarrier |
||
| 520 | _aيتناول كتاب (نصب الموائد لذكر الفتاوى والنوادر والفوائد) والذي قام بتأليفه عبد الله التليدي، موضوع (الفتاوى والنوادر والفوائد) الكتاب ضمن الكتب التي درج العلماء المتقدمين والمتأخرين على جمع كتب لذكر الفوائد والفرائد، ونوادر الأخبار، والمستطرفات. وذلك للإستفادة، والعبرة، والتسلية في أوقات الملل. فالكتاب لا يخلو من فائدة علمية، أو عبرة تاريخية، أو نادرة مستطرفة، أو نصيحة موجهة، أو طريفة مسلية. | ||
| 650 | 7 |
_aالإسلام _vمتفرقات _2aucsh |
|
| 650 | 7 |
_aالوعظ والإرشاد _2aucsh |
|
| 942 |
_2ddc _cBOOK _n0 |
||
| 949 |
_aSA-JeALM _d250605 _umohamedma123 _n1 |
||
| 999 |
_c8850 _d8850 |
||